Los que mandan

Gardado en:
Detalles Bibliográficos
Autor Principal: Ímaz, José Luis de (Author)
Formato: Libro
Idioma:Lingua castelá
Publicado: Buenos Aires EUDEBA 1965
Edición:3a. ed
Series:Informes y Monografías de EUDEBA
Subjects:
Tags: Engadir etiqueta
Sen Etiquetas, Sexa o primeiro en etiquetar este rexistro!

MARC

LEADER 00000nam a2200000 a 4500
001 UCQ0822
003 CL-VaPUC
008 980703e19650600AG |||||||||||||||||spa|d
082 0 4 |a 303.33  |b IMA  |2 21 
100 |a Ímaz, José Luis de  |e author  |9 617244 
245 1 4 |a Los que mandan 
250 |a 3a. ed 
300 |a 250 p 
942 |c BK 
945 |d 19980703 00:00:00  |a crobeson 
260 |a Buenos Aires  |b EUDEBA  |c 1965 
650 0 |a Control social  |9 322637 
650 7 |a PODER SOCIAL  |2 CL-VaPUC  |9 376134 
650 0 |a Historia social  |9 313638 
650 7 |a SOCIOLOGIA DE GRUPOS  |2 CL-VaPUC  |9 412974 
650 0 |a Liderazgo  |9 271835 
650 0 |a Administración pública   |9 255343 
650 0 |a Fuerzas Armadas  |9 255504 
650 7 |a EMPRESARIOS  |2 CL-VaPUC  |9 315086 
650 0 |a Iglesia   |9 255004 
650 7 |a SINDICALISMO  |2 CL-VaPUC  |9 414155 
651 0 |a Argentina  |9 254888 
583 |a last modification  |c 19980703 00:00:00  |k Rodrigo Vera 
490 0 |a Informes y Monografías de EUDEBA 
999 |c 271852  |d 271850 
952 |0 0  |1 0  |4 0  |6 303_330000000000000_IMA_1965  |7 0  |8 A  |9 306627  |a BIBENE  |b BIBENE  |d 2019-11-20  |i 1427644  |o 303.33 IMA 1965  |p 1427644  |r 2025-01-15  |w 2019-11-20  |y BK  |k ICO